000
00333nam a2200133Ia 4500
008
240624s9999 xx 000 0 und d
041
_a
eng
082
_a
659.1 CHA
100
_a
CHAUDHURI ARUN
245
_a
INDIAN ADVERTISING LAUGHTER AND TEARS
260
_c
2014
_a
New Delhi
_b
Niyogi Books
300
_a
388 : p.
365
_c
RS
_b
25
999
_c
24042
_d
24042